Modernos y antiguos : ocho estudios de literatura comparada /
Guardado en:
| Autor Principal: | |
|---|---|
| Formato: | Libro |
| Publicado: |
Valencia :
Estudis Clàssics,
2011
|
| Materias: | |
| Etiquetas: |
Agregar Etiqueta
Sin Etiquetas, Sea el primero en etiquetar este registro!
|
| LEADER | 00752nam a22001935a 4500 | ||
|---|---|---|---|
| 001 | EHU.bham045451 | ||
| 003 | AR-BHAM | ||
| 005 | 20181217094148.0 | ||
| 008 | 130507s2011##################000#0#####d | ||
| 020 | |a 9788478225811 | ||
| 082 | 8 | 0 | |a 801 |
| 100 | 1 | |a García Jurado, Francisco | |
| 245 | 1 | 0 | |a Modernos y antiguos : |b ocho estudios de literatura comparada / |c Francisco García Jurado |
| 260 | |a Valencia : |b Estudis Clàssics, |c 2011 | ||
| 300 | |a 193 p. | ||
| 600 | 1 | 4 | |a Borges, Jorge Luis Cortázar, Julio Virgilio Marón, Publio Ovidio Nasón, Publio Plinio el Joven (Plinio Cecilio Segundo, Cayo) |
| 653 | |a Literatura comparada-estudios sobre | ||
| 653 | |a Cultura clásica | ||
| 859 | |a AR-BHAM |b BIB. HUMANIDADES - General |h 801 |i G165-2 |p 301.18 |t Ej.1 | ||
